00371cam a22001097a 4500008004000000082001600040245011500056260002500171300001200196650003000208700002300238180718b1990 xxu||||| |||| 00| 0 eng d aB19x54 Sm52 aBoeigns and bullock-carts: studies in change and continuity in India civilisationcedited by Bardwell L. Smith aDelhibChankyac1990 a5 vols. aIndia - Social conditions aSmith, Bardwell L.